Obálka Náhled e-knihy:
PDF Epub
Pro půjčování e-knih musíte být přihlášeni.
Jak si půjčit online?

Kočičí válečníci : síla tří. Vidění /

Další díl fantasy řady, kde hlavními hrdiny jsou divoké kočky ze čtyř klanů, je úvodní částí třetí série.

Uloženo v:
Série:Kočičí válečníci: Síla tří, část 1
Hlavní autor: Hunter, Erin (Autor)
Další autoři: Krenželoková, Beata, 1995- (Autor)
Médium: E-kniha
Jazyk:Czech
Vydáno: V Praze : Albatros, 2023
Vydání:1. vydání
Témata:
Příbuzné jednotky:Z cyklu:: Kočičí válečníci: Síla tří
Tagy:
Žádné tagy
LEADER 02767nam a2200541 i 4500
001 312014
003 CZ PrSKC
005 20260601215715.0
007 ta
008 230522s2023 xr c 000 f cze
015 |a cnb003520609 
020 |a 9788000070438  |q (brožováno) :  |c Kč 329,00 
035 |a (OCoLC)1381701034 
040 |a ABG001  |b cze  |d BOA001  |d ABA001  |e rda 
041 1 |a cze  |h eng 
072 7 |a 821.111-3  |x Anglická próza, anglicky psaná  |2 Konspekt 
072 7 |a 821-93  |x Literatura pro děti a mládež (beletrie)  |2 Konspekt 
080 |a 821.111-31  |2 MRF 
080 |a 821-93  |2 MRF 
080 |a (0:82-312.9)  |2 MRF 
100 1 |a Hunter, Erin  |7 mzk2006363422  |4 aut 
240 1 0 |a Sight.  |l Česky 
245 1 0 |a Kočičí válečníci :  |b síla tří.  |p Vidění /  |c Erin Hunterová ; přeložila Beata Krenželoková 
246 3 0 |a Vidění 
250 |a 1. vydání 
264 1 |a V Praze :  |b Albatros,  |c 2023 
300 |a 340 stran ;  |c 21 cm 
336 |a text  |b txt  |2 rdacontent 
337 |a bez média  |b n  |2 rdamedia 
338 |a svazek  |b nc  |2 rdacarrier 
500 |a Přeloženo z angličtiny 
520 2 |a Další díl fantasy řady, kde hlavními hrdiny jsou divoké kočky ze čtyř klanů, je úvodní částí třetí série.  |b Tajemné proroctví naznačuje, že přijdou temné časy. Nad kočičí tlupou se stahují mračna a budoucnost všech je nyní v tlapkách nové generace. Hvězdný klan si vyvolil tři mladé učedníky: Cesmíntlapku, Sojkotlapku a Lvíčkotlapku. Před každým z nich leží jiná cesta, na kterou se musí vydat. Ani jeden z nich to ale nebude mít lehké, protože jejich dědečkem je legendární Ohnivý měsíc. Nakladatelská anotace. Kráceno. 
521 8 |a Pro čtenáře od 9 let 
655 7 |a anglické romány  |7 fd131814  |2 czenas 
655 7 |a fantasy romány  |7 fd184199  |2 czenas 
655 7 |a publikace pro děti  |7 fd133156  |2 czenas 
655 9 |a English fiction  |2 eczenas 
655 9 |a fantasy novels  |2 eczenas 
655 9 |a children's literature  |2 eczenas 
700 1 |a Krenželoková, Beata,  |d 1995-  |7 xx0243991  |4 trl 
765 1 |t Warriors - Power of three 
787 0 8 |i Z cyklu:  |t Kočičí válečníci: Síla tří  |g 1 
900 |a ABA001  |b 20 
928 9 |a Albatros Media - Albatros 
044 |a xr 
910 |a RBIT002 
998 |d 380998  |a https://core.palmknihy.cz/api/books/380998/cover?si60dm  |b https://core.palmknihy.cz/api/books/380998/cover/400?si60dm  |c https://core.palmknihy.cz/api/books/380998/cover/50?si60dm  |e 2027-11-02  |g 344  |i 9788000070438  |j https://core.palmknihy.cz/api/books/380998/preview.epub  |k https://core.palmknihy.cz/api/books/380998/preview.pdf  |l   |q 49  |r 1  |s https://www.palmknihy.cz/kniha/380998  |t ebook  |y 2023  |z 0  |v Kočičí válečníci: Síla tří  |w 1 
999 |d 312012